Artists / Singers by their Songs #16 - Statistics

General Stats
  • This quiz has been taken 213 times
  • The average score is 4 of 10
Answer Stats
Hint Answer % Correct
You Give Love a Bad Name / Livin' on a Prayer / Bed of Roses / It's My Life Bon Jovi
89%
Espresso / Please Please Please / Taste / Thumbs Sabrina Carpenter
74%
A Moment Like This / Miss Independent / Since U Been Gone / Because of You Kelly Clarkson
67%
Bridge Over Troubled Water / The Sound of Silence / The Boxer / America Simon & Garfunkel
59%
Ace of Spades / Overkill / Please Don't Touch / The Game Motörhead
35%
Bad and Boujee / Slide / Bon Appétit / Stir Fry Migos
33%
Rather Be / These Days / Hold My Hand / Don't Be So Hard on Yourself Jess Glynne
26%
Cotton Eye Joe / Old Pop in an Oak / Wish You Were Here / The Spirit of the Hawk Rednex
25%
Fancy / Whoever's in New England / Is There Life Out There / Does He Love You Reba McEntire
7%
Every Time I Close My Eyes / How Come, How Long / This Is for the Lover in You / When Can I See You Babyface
3%
No matching quizzes found
Score Distribution
Percent of People with Each Score
Percentile by Number Answered
Your Score History
You have not taken this quiz